| 000 | 00474nam a2200145 a 4500 | ||
|---|---|---|---|
| 001 | 000035558 | ||
| 005 | 20200930074430.0 | ||
| 008 | 111103s2011 dr 000 0 spa d | ||
| 040 |
_aDO-SdBNP _bspa _cBNPHU |
||
| 100 | 1 |
_aUreña, Manuel Arsenio _961458 |
|
| 245 | 1 | 0 |
_aFamilia, economía y herencia / _cManuel Arsenio Ureña. |
| 260 |
_aSanto Domingo : _bPublicaciones Dominicanas _bArzobispado de Santiago, _c2011. _fEditora Búho |
||
| 300 |
_a32 p. ; _c22 cm. |
||
| 049 | _aBNPD | ||
| 999 |
_c35049 _d35049 |
||